Tratado médico-filosófico de la enagenación del alma o manía / (Record no. 172976)
[ view plain ]
| 000 -LEADER | |
|---|---|
| campo de control de longitud fija | 00848nam a2200193 4500 |
| 001 - NÚMERO DE CONTROL | |
| campo de control | 172976 |
| 003 - IDENTIFICADOR DE NÚMERO DE CONTROL | |
| campo de control | ES-MaACL |
| 005 - FECHA Y HORA DE LA ÚLTIMA TRANSACCIÓN | |
| campo de control | 20230906215108.0 |
| 008 - DATOS DE LONGITUD FIJA--INFORMACIÓN GENERAL | |
| campo de control de longitud fija | 090929b1988 sp n |||| | spa d |
| 080 ## - NÚMERO DE LA CLASIFICACIÓN DECIMAL UNIVERSAL | |
| Número de la Clasificación Decimal Universal | 616.89 |
| 100 1# - ENTRADA PRINCIPAL--NOMBRE DE PERSONA | |
| Nombre de persona | Pinel, Philippe. |
| 9 (RLIN) | 92114 |
| 245 10 - MENCIÓN DEL TÍTULO | |
| Título | Tratado médico-filosófico de la enagenación del alma o manía / |
| Mención de responsabilidad, etc. | escrito en francés por Felipe Pinel... ; traducido al castellano por el Dr. D. Luis Guarnerio y Allavena, Médico en el Real Sitio de S. Ildefonso. |
| 260 ## - PUBLICACIÓN, DISTRIBUCIÓN, ETC. | |
| Lugar de publicación, distribución, etc. | [Madrid] : |
| Nombre del editor, distribuidor, etc. | [s.n.], |
| Fecha de publicación, distribución, etc. | [1988] |
| 300 ## - DESCRIPCIÓN FÍSICA | |
| Extensión | 416, [2] p., [1] h. pleg., [2] h. de lám. ; |
| Dimensiones | 18 cm. |
| 534 ## - NOTA SOBRE LA VERSIÓN ORIGINAL | |
| Frase introductoria | Facsímil de la ed. de: |
| Publicación, distribución, etc. del original | Madrid : en la Imprenta Real, 1804. |
| 650 #4 - PUNTO DE ACCESO ADICIONAL DE MATERIA--TÉRMINO DE MATERIA | |
| Término de materia o nombre geográfico como elemento de entrada | Psiquiatría- |
| Subdivisión de forma | Obras anteriores a 1800. |
| 9 (RLIN) | 16593 |
| 700 1# - ENTRADA AGREGADA--NOMBRE PERSONAL | |
| Nombre de persona | Guarnerio y Allavena, Luis. |
| 9 (RLIN) | 127591 |
| 852 4# - LOCALIZACIÓN | |
| Ubicación | ES-MaACL |
| Número de control de estantería | E-13010 |
| Nota libre | - Donativo doctor Calles |
| Estatus retirado | Estado de pérdida | Estado de daño | No para préstamo | Biblioteca de origen | Biblioteca actual | Ubicación en estantería | Fecha de adquisición | Fuente de adquisición | Total de préstamos | Signatura topográfica completa | Código de barras | Visto por última vez | Precio de reemplazo | Tipo de ítem Koha |
|---|---|---|---|---|---|---|---|---|---|---|---|---|---|---|
| Biblioteca del Ateneo de Madrid | Biblioteca del Ateneo de Madrid | Depósito 2 | 29/09/2009 | E-13010 | 1181505 | 23/02/2023 | 23/02/2023 | Libro impreso |
